[Event "Cto. Autonómico por Equipos 2007"]
[Site "Aragón"]
[Date "2007.01.27"]
[Round "1.1"]
[White "Garza Marco Sergio"]
[Black "Glavina Rossi Pablo"]
[Result "1/2-1/2"]
[WhiteElo "2380"]
[BlackElo "2452"]

1.d4 Nf6 2.c4 e6 3.Nc3 c5 4.d5 exd5 5.cxd5 d6 6.e4 g6 7.f4 Qe7 8.Nf3 Bg7 9.
Bb5+ Nfd7 10.O-O O-O 11.Re1 a6 12.Bf1 b5 13.e5 dxe5 14.d6 Qd8 15.fxe5 Nc6 16.
Bg5 Qb6 17.Nd5 Qb7 18.Nf6+ Kh8 19.Qd2 Ncxe5 20.Nxe5 Nxf6 21.Bxf6 Bxf6 22.d7
Bxd7 23.Qxd7 Qxd7 24.Nxd7 Bd4+ 25.Kh1 Rfe8 26.Rad1 Rxe1 27.Rxe1 Ra7 28.Ne5
Bxb2 29.Nd3 Bd4 30.Re8+ Kg7 31.Rd8 Bf6 32.Rd5 c4 33.Nb4 Bc3 34.Nc2 Rc7 35.a3
Rc6 36.Kg1 Ba5 37.Be2 Bc3 38.Bf3 Re6 39.Kf1 h5 40.Rd7 Be5 41.h3 Bg3 42.Rd5 h4
43.Rc5 Re7 44.Rc6 a5 45.Be2 Rd7 46.Ne3 Rd2 47.a4 bxa4 48.Rxc4 a3 49.Ra4 a2 50.
Bc4 Rf2+ 51.Kg1 Rf4 52.Nc2 Re4 53.Rxa5 Rxc4 54.Rxa2 Re4 55.Ra1 f5 56.Rd1 g5
57.Nd4 Kg6 58.Nf3 g4 59.hxg4 fxg4 60.Nh2 Kf5 61.Nf1 Be5 62.Kh1 Re2 63.Rb1 Bd4
64.Rd1 Ke4 65.Nh2 h3 66.g3 Bf2 67.Nxg4 Bxg3 68.Rf1 Ra2 69.Nf6+ Ke3 70.Nd5+ Ke2
71.Nc3+ 1/2-1/2

[Event "Cto. Autonómico por Equipos 2007"]
[Site "Aragón"]
[Date "2007.01.27"]
[Round "1.2"]
[White "Gimenez Martinez Alberto"]
[Black "Fontana Sotomayour Luis Javier"]
[Result "0-1"]
[WhiteElo "2066"]
[BlackElo "2320"]

1.e4 e5 2.Nf3 d6 3.d4 Nd7 4.Nc3 c6 5.Be3 Ngf6 6.h3 Be7 7.g4 g6 8.Bh6 b5 9.Bd3
Bb7 10.O-O Bf8 11.Bxf8 Kxf8 12.Qd2 Kg7 13.a4 b4 14.Ne2 c5 15.d5 c4 16.Bxc4
Nxe4 17.Qxb4 Rb8 18.Qa3 Nb6 19.Ba2 h5 20.c4 hxg4 21.hxg4 Qd7 22.Nh2 Rxh2 23.
Kxh2 Qxg4 24.Ng3 Ng5 25.Rh1 Nxc4 26.Bxc4 Qxc4 27.Kg1 Qxd5 28.Kf1 Ba6+ 29.Ke1
Nf3+ 0-1

[Event "Cto. Autonómico por Equipos 2007"]
[Site "Aragón"]
[Date "2007.01.27"]
[Round "1.3"]
[White "Delgado Crespo Mairelys"]
[Black "Labena Bernal Antonio"]
[Result "1-0"]
[WhiteElo "2298"]
[BlackElo "2037"]

1.e4 e5 2.Nf3 Nc6 3.Bb5 a6 4.Ba4 Nf6 5.d4 exd4 6.e5 Ne4 7.O-O Nc5 8.Bxc6 dxc6
9.Qxd4 Qxd4 10.Nxd4 Ne6 11.Nxe6 Bxe6 12.Be3 Bf5 13.c3 O-O-O 14.Re1 Rd7 15.Nd2
Bc5 16.Nb3 Bxe3 17.Rxe3 Rhd8 18.Rae1 Be6 19.f4 b6 20.Nd4 c5 21.Nxe6 fxe6 22.
Kf2 b5 23.a3 a5 24.R1e2 Kb7 25.g4 g6 26.Rf3 Kc6 27.f5 gxf5 28.gxf5 exf5 29.
Rxf5 Rd2 30.Rf6+ Kb7 31.e6 Rxe2+ 32.Kxe2 Re8 33.Rh6 Re7 34.Kd3 Kc6 35.Ke4 Kd6
36.Kf5 c6 37.h4 Kd5 38.Rf6 a4 39.h5 Kd6 40.Rf8 Rg7 41.Rd8+ Kc7 42.Kf6 Rg2 43.
e7 1-0

[Event "Cto. Autonómico por Equipos 2007"]
[Site "Aragón"]
[Date "2007.01.27"]
[Round "1.4"]
[White "Ananos Palacios David"]
[Black "Maza Broto Pablo"]
[Result "1-0"]
[WhiteElo "2009"]
[BlackElo "1981"]

1.e4 e6 2.d4 d5 3.e5 c5 4.c3 Qb6 5.Nf3 cxd4 6.cxd4 Nc6 7.Be2 Nh6 8.Bxh6 gxh6
9.O-O Qxb2 10.Nbd2 Qa3 11.Nb3 Qe7 12.Rc1 Bg7 13.Bb5 O-O 14.Bxc6 bxc6 15.Rxc6
Bb7 16.Rd6 Rfc8 17.Nc5 Rc7 18.Qd2 Bxe5 19.dxe5 Rxc5 20.Qxh6 Qf8 21.Qg5+ Qg7
22.Qe7 Bc6 23.Qc7 f6 24.Qxg7+ Kxg7 25.Nd4 Rc4 26.Nxc6 fxe5 27.Nxe5 Re4 28.f4
Kf6 29.Rd7 Rf8 30.Rxa7 Kf5 31.g4+ 1-0

[Event "Cto. Autonómico por Equipos 2007"]
[Site "Aragón"]
[Date "2007.01.27"]
[Round "1.5"]
[White "Garcia Ramon Ricardo1"]
[Black "Llorente Zaro Alfonso"]
[Result "1/2-1/2"]
[WhiteElo "2099"]
[BlackElo "2353"]

1.d4 d6 2.Nf3 Nf6 3.Bg5 Ne4 4.Bh4 c5 5.e3 Qb6 6.Qc1 cxd4 7.exd4 Bg4 8.c3 Bxf3
9.gxf3 Nf6 10.Bg2 Nbd7 11.O-O e6 12.Nd2 Be7 13.Bg3 Rc8 14.Ne4 O-O 15.Qd2 d5
16.Nxf6+ Bxf6 17.f4 g6 18.Rae1 Qa5 19.a3 Nb6 20.Re2 Rc6 21.Rfe1 Nc4 22.Qc1 Nd6
23.Qe3 Rfc8 24.Bh3 Qd8 25.Qf3 Kg7 26.Qg2 Rb6 27.f5 Nxf5 28.Bxf5 exf5 29.Re8
Qxe8 30.Rxe8 Rxe8 31.Qxd5 Re1+ 32.Kg2 Rxb2 33.h4 h5 34.Qd6 Re4 35.Qb8 f4 36.
Bxf4 Bxh4 37.Be5+ f6 38.Qc7+ Kh6 39.Bg3 Bxg3 40.Kxg3 Kg5 41.Kf3 f5 42.Qd8+ Kh6
43.Qh8+ Kg5 44.Qd8+ 1/2-1/2

[Event "Cto. Autonómico por Equipos 2007"]
[Site "Aragón"]
[Date "2007.01.27"]
[Round "1.6"]
[White "Ramon Perez Jose Luis"]
[Black "Forcen Esteban Daniel"]
[Result "1-0"]
[WhiteElo "2336"]
[BlackElo "2083"]

1.e4 c5 2.Nc3 d6 3.f4 g6 4.d4 cxd4 5.Qxd4 Nf6 6.e5 Nc6 7.Bb5 dxe5 8.Qxd8+ Kxd8
9.fxe5 Nxe5 10.Bf4 Ned7 11.O-O-O a6 12.Be2 h5 13.Nf3 Bh6 14.Ng5 Ke8 15.Bf3 e6
16.h4 Kf8 17.Kb1 Kg7 18.Rhf1 Re8 19.Bh2 Ra7 20.Nge4 Nxe4 21.Nxe4 b5 22.Nd6 Rf8
23.Bc6 Nb6 24.Ne8+ Rxe8 25.Bxe8 Nd5 26.Bc6 Bb7 27.Bg1 Ne3 28.Bxe3 Bxe3 29.Rd7
Bxc6 30.Rfxf7+ Kg8 31.Rxa7 Bxa7 32.Rxa7 Bxg2 33.Kc1 Bf1 34.Kd2 e5 35.Ke3 Bh3
36.Ke4 Bf5+ 37.Kxe5 Bxc2 38.Kf6 Bd3 39.Rxa6 Be4 40.Rb6 Bd3 41.b3 Be2 42.a4 1-0

[Event "Cto. Autonómico por Equipos 2007"]
[Site "Aragón"]
[Date "2007.01.27"]
[Round "1.7"]
[White "Del Campo Asin Agustin"]
[Black "Remiro Juste Fernando Jose"]
[Result "0-1"]
[WhiteElo "2033"]
[BlackElo "2331"]

1.d4 Nf6 2.c4 g6 3.Nc3 d5 4.cxd5 Nxd5 5.e4 Nxc3 6.bxc3 Bg7 7.Bc4 c5 8.Qb3 O-O
9.d5 a6 10.a4 Qa5 11.Ra3 Nd7 12.Ne2 Ne5 13.O-O Bd7 14.f4 Nxc4 15.Qxc4 Qc7 16.
a5 Bb5 17.Qa2 Bd3 18.e5 c4 19.Rf3 Rfd8 20.Nd4 Qd7 21.Rxd3 cxd3 22.c4 Rac8 23.
Rxd3 Qc7 24.Be3 Qxc4 25.Qxc4 Rxc4 26.Nb3 f6 27.e6 f5 28.Nc5 Rc3 29.Rxc3 Bxc3
30.Nd7 Bb4 31.Kf2 Rc8 32.Ke2 Rc3 33.Bb6 Ra3 34.h3 Bd6 35.Bd8 Rb3 36.g4 Rxh3
37.gxf5 gxf5 38.Ne5 Rg3 39.Nc4 h5 40.Kf2 Rd3 41.Nb6 Kf8 42.Ke2 Rc3 43.Kd2 Bb4
44.Ke2 Ke8 45.d6 Kxd8 46.d7 Rc6 0-1

[Event "Cto. Autonómico por Equipos 2007"]
[Site "Aragón"]
[Date "2007.01.27"]
[Round "1.8"]
[White "Mimbela Lopez Miguel Angel"]
[Black "Antolin Concha Diego"]
[Result "0-1"]
[WhiteElo "2232"]
[BlackElo "1954"]

1.d4 Nf6 2.c4 e6 3.Nc3 Bb4 4.f3 O-O 5.e4 d5 6.e5 Nfd7 7.c5 b6 8.cxb6 axb6 9.a3
c5 10.Bb5 Qh4+ 11.Kf1 Qxd4 12.Qxd4 cxd4 13.Na4 Ra5 14.Bxd7 Bxd7 15.axb4 Rxa4
16.Rxa4 Bxa4 17.Ne2 Bb5 18.Kf2 Bxe2 19.Kxe2 Nc6 20.f4 Nxb4 21.Bd2 Nc6 22.Rc1
Rc8 23.Bb4 h6 24.Bd6 Na7 25.Rxc8+ Nxc8 26.Bc7 Kf8 27.Kd3 Ke7 28.Kxd4 Kd7 29.
Bb8 Kc6 30.f5 exf5 31.e6 fxe6 32.Be5 g5 33.Bg7 Nd6 34.Bf8 Nf7 0-1

[Event "Cto. Autonómico por Equipos 2007"]
[Site "Aragón"]
[Date "2007.01.27"]
[Round "1.9"]
[White "Baron Rodriguez Jesus"]
[Black "Cebrian Valverde Jose Antonio"]
[Result "0-1"]
[WhiteElo "2422"]
[BlackElo "2205"]

1.Nf3 Nf6 2.c4 e6 3.g3 c5 4.Bg2 Nc6 5.O-O Be7 6.d4 d5 7.cxd5 exd5 8.Nc3 O-O 9.
Bg5 cxd4 10.Nxd4 h6 11.Nxc6 bxc6 12.Be3 Re8 13.Rc1 Qa5 14.Na4 Bg4 15.b3 Rac8
16.Qd3 Ba3 17.Rc2 Bh5 18.Bh3 Bg6 19.Qc3 Bb4 20.Qb2 Bxc2 21.Bxc8 Bxb3 22.axb3
Rxc8 23.Bxh6 c5 24.Rc1 Re8 25.Bf4 c4 26.e3 Ne4 27.h4 Nd2 28.h5 Nxb3 29.h6 Bf8
30.Bd6 Nxc1 31.Bxf8 Qe1+ 32.Kg2 c3 33.Nxc3 Nd3 34.Qc2 Nxf2 35.Qf5 Qxc3 36.Bxg7
Qd3 37.Qxf2 Qxe3 38.Qf6 Qe2+ 39.Kg1 Qd1+ 40.Kg2 Re2+ 41.Kh3 Qh1+ 42.Kg4 Qe4+
43.Kg5 Qe7 44.g4 a5 45.Kh5 Qxf6 46.Bxf6 Kh7 47.g5 a4 0-1

[Event "Cto. Autonómico por Equipos 2007"]
[Site "Aragón"]
[Date "2007.01.27"]
[Round "1.10"]
[White "Gimeno Oteo Marco Antonio"]
[Black "Lasanta Rica Cesar"]
[Result "1-0"]
[WhiteElo "2156"]
[BlackElo "2300"]

1.e4 d5 2.exd5 Qxd5 3.Nc3 Qd8 4.Bc4 c6 5.Nf3 Bf5 6.d4 e6 7.O-O Nf6 8.Qe2 Be7
9.a4 a5 10.Bf4 Na6 11.Rad1 Nb4 12.Bb3 O-O 13.h3 Nbd5 14.Bxd5 exd5 15.Ne5 h6
16.Rfe1 Bb4 17.g4 Bh7 18.f3 Re8 19.Qg2 Nd7 20.Qd2 Nb6 21.b3 c5 22.Kg2 c4 23.
Re3 f6 24.Rde1 fxe5 25.Bxe5 Nd7 26.Bc7 Qxc7 27.Rxe8+ Rxe8 28.Rxe8+ Nf8 29.Qe3
Bg6 30.Nxd5 Qd7 31.Ne7+ 1-0

[Event "Cto. Autonómico por Equipos 2007"]
[Site "Aragón"]
[Date "2007.01.27"]
[Round "1.11"]
[White "Gines Abad Pedro"]
[Black "Gutierrez Minguenza Ruben"]
[Result "1/2-1/2"]
[WhiteElo "2213"]
[BlackElo "2080"]

1.Nf3 Nf6 2.g3 c5 3.Bg2 Nc6 4.d4 e6 5.O-O d5 6.c4 Be7 7.Nc3 O-O 8.cxd5 exd5 9.
dxc5 Bxc5 10.Bg5 d4 11.Bxf6 Qxf6 12.Ne4 Qe7 13.Nxc5 Qxc5 14.Ne1 Re8 15.Nd3 Qb6
16.Re1 Bf5 17.Qd2 Be4 18.Rac1 Bxg2 19.Kxg2 Rad8 20.Rc2 h6 21.Rec1 Re7 22.h4
Rde8 23.Nf4 Qd8 24.Rc5 Re5 25.Rxe5 Rxe5 26.Nd3 Re7 27.Rc5 Qe8 28.Nc1 Re5 29.
Rxe5 Qxe5 30.Nb3 Qe4+ 31.f3 Qe5 32.a3 Qd5 33.Qd1 Qe5 34.Qc2 Qd5 35.Nc1 Qe6 36.
Nd3 Qd5 37.Nf4 Qd6 38.Qe4 Qd7 39.Nd3 b6 40.b4 Qe6 41.Qxe6 fxe6 42.f4 Kf7 43.
Kf3 Kf6 44.Ke4 h5 45.Ne1 Ne7 46.Nc2 Nf5 47.Kf3 e5 48.fxe5+ Kxe5 49.Ne1 Ne3 50.
Nd3+ Kf5 51.a4 Nd5 52.a5 g6 53.axb6 axb6 54.b5 Nc3 55.Nb2 Nxb5 56.Nc4 Nc3 57.
Nxb6 g5 58.hxg5 Kxg5 59.Nd7 Nxe2 60.Kxe2 h4 1/2-1/2

[Event "Cto. Autonómico por Equipos 2007"]
[Site "Aragón"]
[Date "2007.01.27"]
[Round "1.12"]
[White "Rubio Tello Abel"]
[Black "Glaria Murillo Christian"]
[Result "1/2-1/2"]
[WhiteElo "1803"]
[BlackElo "2202"]

1.d4 Nf6 2.Nf3 g6 3.g3 Bg7 4.Bg2 O-O 5.O-O d6 6.h3 Nbd7 7.c4 e5 8.Nc3 a6 9.e4
b5 10.b3 b4 11.Nd5 Nxd5 12.cxd5 Bb7 13.Bb2 c5 14.dxc6 Bxc6 15.dxe5 dxe5 16.Qd6
Bxe4 17.Rfe1 Bxf3 18.Bxf3 Rb8 19.Qxa6 Rb6 20.Qc4 Qc8 21.Qd5 Nf6 22.Qxe5 Nh5
23.Qe2 Re6 24.Qd2 Rd8 25.Rac1 Rxe1+ 26.Qxe1 Qxh3 27.Bxg7 Kxg7 28.Qe5+ Kg8 29.
Bxh5 Qxh5 30.Qxh5 gxh5 31.Rc5 Rd2 32.Rxh5 Rxa2 33.Rb5 Kg7 34.Rxb4 Rb2 35.Rb6
f6 36.Kg2 Kg6 37.Kf3 h5 38.Ke3 Kf5 39.f3 Kg6 40.Rb5 Rb1 41.Kf4 Rb2 42.Rb8 Rc2
43.Rb7 Rb2 44.Rb8 Rc2 45.b4 Rc4+ 46.Ke3 Rc3+ 47.Kf2 Rb3 48.b5 Kg7 49.b6 Kf7
50.b7 Kg7 51.Kg2 Rb2+ 52.Kh3 Rb1 53.g4 hxg4+ 54.Kxg4 Rb4+ 55.Kf5 Rb3 56.f4
Rb5+ 57.Ke6 Rb6+ 58.Kd7 Rb1 59.Kc6 Rc1+ 60.Kb5 Rb1+ 61.Kc4 Rc1+ 62.Kb3 Rb1+
63.Kc2 Rb6 1/2-1/2

[Event "Cto. Autonómico por Equipos 2007"]
[Site "Aragón"]
[Date "2007.01.27"]
[Round "1.13"]
[White "Valles Mata David"]
[Black "Del Rey Diego"]
[Result "0-1"]
[WhiteElo "2130"]
[BlackElo "2399"]

1.e4 c5 2.Nc3 e6 3.g3 d5 4.d3 Nf6 5.Bg2 Be7 6.f4 h5 7.Nf3 dxe4 8.dxe4 Qxd1+ 9.
Kxd1 h4 10.Be3 Ng4 11.Bg1 h3 12.Bf1 a6 13.Na4 Nd7 14.c4 b6 15.Nc3 Bb7 16.Bd3
O-O-O 17.Ke2 g5 18.Nxg5 Bxg5 19.fxg5 Nde5 20.Rd1 Rhg8 21.Be3 Nxe3 22.Kxe3 Ng4+
23.Ke2 Rxg5 24.Bc2 Rd4 25.b3 f5 26.Rdf1 Kb8 27.Rf4 e5 28.Rff1 Nf6 29.Rd1 Nxe4
30.Bxe4 fxe4 31.Rhf1 Rg8 32.Rf5 Bc8 33.Rxe5 Bg4+ 34.Ke1 Bxd1 35.Nxd1 Rgd8 36.
Nf2 Rd2 37.Rxe4 Rxa2 38.g4 Rdd2 0-1

[Event "Cto. Autonómico por Equipos 2007"]
[Site "Aragón"]
[Date "2007.01.27"]
[Round "1.14"]
[White "Sanz Arilla Luis"]
[Black "Guetas Sanchez Hugo"]
[Result "1/2-1/2"]
[WhiteElo "2282"]
[BlackElo "2085"]

1.d4 Nf6 2.c4 Nc6 3.Nc3 e5 4.d5 Ne7 5.e4 Ng6 6.Be3 Bb4 7.Bd3 Bxc3+ 8.bxc3 O-O
9.Ne2 d6 10.f3 Nh5 11.Qd2 f5 12.exf5 Bxf5 13.Bxf5 Rxf5 14.g4 Rxf3 15.gxh5 Qh4+
16.Kd1 Qe4 17.Re1 Rxe3 18.Ng3 Rxe1+ 19.Qxe1 Qf3+ 20.Kc2 Nf4 21.h6 Qd3+ 22.Kb3
b5 23.c5 Qxd5+ 24.Kc2 Qd3+ 25.Kb2 Qc4 26.Qe4 d5 27.Qxc4 bxc4 28.Kc2 g6 29.Rb1
Ne6 30.c6 a6 31.Kd2 Nd8 32.Nf1 Nxc6 33.Rb7 Ra7 34.Rb1 Kf7 35.Ne3 Ke6 36.Rf1
Rb7 37.Kc2 Ne7 38.Rf8 c5 39.Ng4 d4 40.Rf6+ Kd5 41.Rxa6 e4 42.Nf6+ Ke5 43.Nxh7
d3+ 44.Kc1 e3 45.Ng5 d2+ 46.Kc2 Kf5 47.h7 Rd7 48.h8=Q d1=Q+ 49.Kb2 Qd2+ 50.Ka3
Qc1+ 51.Ka4 Qc2+ 52.Ka3 Qc1+ 53.Ka4 Qc2+ 54.Ka3 1/2-1/2

[Event "Cto. Autonómico por Equipos 2007"]
[Site "Aragón"]
[Date "2007.01.27"]
[Round "1.15"]
[White "Escuer Sanchez Nestor"]
[Black "Melendez Fierro Juan Bautista"]
[Result "0-1"]
[WhiteElo "2061"]
[BlackElo "2232"]

1.e4 e6 2.b3 c5 3.Bb2 Nc6 4.e5 d5 5.f4 Nge7 6.Nf3 Nf5 7.Bd3 Be7 8.Bxf5 exf5 9.
d4 O-O 10.O-O cxd4 11.Nxd4 Qb6 12.Kh1 Be6 13.c3 Rac8 14.Nd2 Nxd4 15.cxd4 Rc6
16.Nf3 Rfc8 17.Rf2 Qc7 18.Ne1 f6 19.Nd3 fxe5 20.Nxe5 Rc2 21.Qf3 Rxb2 22.Rff1
Qc2 23.Rg1 g6 24.Rae1 Bh4 25.Nxg6 Bxe1 26.Ne7+ Kh8 27.Nxc8 Bxc8 28.Qh5 Bb4 29.
Qe8+ Kg7 30.Qe5+ Kf7 31.Qh8 Be6 32.Qxh7+ Ke8 33.Qh5+ Kd7 34.Qh7+ Be7 0-1

[Event "Cto. Autonómico por Equipos 2007"]
[Site "Aragón"]
[Date "2007.01.27"]
[Round "1.17"]
[White "Lopez Gracia Fernando"]
[Black "Van Ojik Mark"]
[Result "1-0"]
[WhiteElo "2328"]
[BlackElo "2186"]

1.e4 e5 2.Nf3 Nc6 3.Bb5 a6 4.Ba4 Nf6 5.O-O b5 6.Bb3 Be7 7.Re1 O-O 8.h3 Bb7 9.
d3 d6 10.a3 Qd7 11.Nc3 Rae8 12.Bg5 h6 13.Bxf6 Bxf6 14.Nd5 Bd8 15.Ne3 g6 16.c3
Kg7 17.Nh2 Ne7 18.d4 Ng8 19.dxe5 Rxe5 20.Nd5 Rfe8 21.f3 f5 22.Qd2 c6 23.Nb4
Bb6+ 24.Kh1 fxe4 25.Rxe4 Rxe4 26.fxe4 Nf6 27.Bc2 a5 28.Na2 Nxe4 29.Bxe4 Rxe4
30.Ng4 Rxg4 31.hxg4 Qe7 32.g5 hxg5 33.Re1 Qd8 34.Qd3 g4 35.Qg3 Qh8+ 36.Qh2 Qf8
37.Qh4 Bd8 38.Qxg4 Qh8+ 39.Qh3 Qxh3+ 40.gxh3 c5+ 41.Kh2 Bf6 42.Re8 Be5+ 43.Kg1
Kf6 44.Nc1 Be4 45.Rb8 b4 46.axb4 axb4 47.cxb4 Bxb2 48.Ne2 c4 49.b5 c3 50.b6 c2
51.b7 Bd4+ 52.Kf1 Bd3 53.Rc8 Bc5 54.Rxc5 dxc5 55.Ke1 1-0

[Event "Cto. Autonómico por Equipos 2007"]
[Site "Aragón"]
[Date "2007.01.27"]
[Round "1.19"]
[White "Gonzalvo Lara Victor"]
[Black "Velamazan Gomez Angel"]
[Result "1-0"]
[WhiteElo "2156"]
[BlackElo "1987"]

1.e4 d6 2.d4 Nf6 3.Nc3 g6 4.f3 Bg7 5.Be3 c6 6.Qd2 b5 7.g4 b4 8.Nce2 a5 9.g5
Nfd7 10.h4 Nb6 11.Ng3 Ba6 12.Bxa6 Nxa6 13.Qd3 Qd7 14.h5 c5 15.h6 Bf8 16.d5 Nc7
17.f4 e5 18.dxe6 fxe6 19.f5 e5 20.Qf1 Be7 21.Nf3 O-O-O 22.O-O-O Qa4 23.Kb1 Nb5
24.Ka1 Kb7 25.b3 Na3 26.bxa4 Nxc2+ 27.Kb1 Nxe3 28.Qe2 Nec4 29.Ka1 Na3 30.Rd3
c4 31.Rxa3 bxa3 32.Rb1 Rc8 33.Qe3 Rc5 34.f6 Bd8 35.Rb5 1-0

[Event "Cto. Autonómico por Equipos 2007"]
[Site "Aragón"]
[Date "2007.01.27"]
[Round "1.18"]
[White "Ferrer Echavarri Francisco Javier"]
[Black "Campos Hernandez Antonio"]
[Result "0-1"]
[WhiteElo "2023"]
[BlackElo "2263"]

1.d4 c5 2.c3 Nf6 3.Nf3 e6 4.Bg5 d5 5.e3 Nc6 6.Nbd2 Qb6 7.Qc2 Bd7 8.Bd3 Rc8 9.
Qb3 Qxb3 10.axb3 Bd6 11.dxc5 Bxc5 12.b4 Bb6 13.Bf4 O-O 14.Nb3 Nh5 15.Bd6 Rfe8
16.Bc5 Bc7 17.b5 Nd8 18.Rxa7 e5 19.Be2 Nf6 20.O-O Bb8 21.Ra8 e4 22.Rxb8 exf3
23.Rxc8 fxe2 24.Re1 Bxc8 25.Rxe2 Bf5 26.Rd2 Bd7 27.Nd4 Ne4 0-1

[Event "Cto. Autonómico por Equipos 2007"]
[Site "Aragón"]
[Date "2007.01.27"]
[Round "1.20"]
[White "Navarro Sancho Rafael"]
[Black "Moreno Gracia Daniel"]
[Result "1-0"]
[WhiteElo "1961"]
[BlackElo "2122"]

1.e4 e5 2.Nc3 Nf6 3.Nf3 Nc6 4.Bb5 Bd6 5.O-O O-O 6.d4 Nxd4 7.Nxd4 exd4 8.Qxd4
Qe7 9.Be3 Be5 10.Qd2 Qb4 11.Bd3 Qxb2 12.Ne2 Qa3 13.Bd4 d6 14.Bxe5 dxe5 15.Rfb1
b6 16.Qg5 Qe7 17.Re1 Re8 18.Ng3 Nd5 19.Qh5 Nf4 20.Qf3 Qf6 21.Ne2 Nh3+ 22.Kf1
Qxf3 23.gxf3 Ng5 24.Ng1 Bd7 25.Red1 Rad8 26.Bc4 Kf8 27.Ke2 Ne6 28.c3 Nf4+ 29.
Ke3 Ba4 30.Bb3 Bxb3 31.axb3 b5 32.Rd2 Ng2+ 33.Ke2 Nf4+ 34.Ke3 Rxd2 35.Kxd2
Rd8+ 36.Kc2 Ra8 37.Ra6 Ke7 38.Rc6 Ne6 39.Ra6 Kd7 40.Ne2 Kc8 41.Ra1 Kb7 42.Rd1
Rd8 43.Rxd8 Nxd8 44.f4 exf4 45.Nxf4 Ne6 46.Nxe6 fxe6 47.f4 g6 48.h4 a5 49.Kd3
Kb6 50.Kd4 a4 51.b4 a3 1-0

[Event "Cto. Autonómico por Equipos 2007"]
[Site "Aragón"]
[Date "2007.01.27"]
[Round "1.25"]
[White "Hernando Garcia Antonio"]
[Black "Martinez Catalin Francisco Javier"]
[Result "1/2-1/2"]
[WhiteElo "2209"]
[BlackElo "2240"]

1.c4 Nf6 2.Nf3 g6 3.Nc3 Bg7 4.g3 O-O 5.Bg2 d6 6.O-O c6 7.d3 a6 8.Rb1 b5 9.b3
Bb7 10.a4 b4 11.Ne4 Nxe4 12.dxe4 Nd7 13.Ne1 Qc7 14.Nd3 a5 15.Bb2 Rad8 16.Bxg7
Kxg7 17.Qc2 c5 18.Nf4 e6 19.Rbd1 Nf6 20.Qb2 e5 21.Nd5 Nxd5 1/2-1/2

[Event "Cto. Autonómico por Equipos 2007"]
[Site "Aragón"]
[Date "2007.01.27"]
[Round "1.26"]
[White "Solano Lasierra Javier"]
[Black "Chueca Forcen Alberto"]
[Result "0-1"]
[WhiteElo "2132"]
[BlackElo "2110"]

1.d4 d5 2.c4 e5 3.e3 exd4 4.exd4 Nf6 5.Nf3 c6 6.cxd5 Nxd5 7.Be2 Bd6 8.Nc3 Nf4
9.O-O O-O 10.Bxf4 Bxf4 11.Qb3 Qb6 12.Qc4 Bd6 13.Ne4 Be7 14.Bd3 Be6 15.Qc2 h6
16.Qe2 Nd7 17.Rfd1 Nf6 18.Nxf6+ Bxf6 19.Ne5 Rad8 20.Qe4 Rfe8 21.Qh7+ Kf8 22.
Nf3 Bxd4 23.Nxd4 Qxd4 24.h3 Qf6 25.Re1 h5 26.Rad1 g6 27.Qh6+ Kg8 28.b3 Rd5 29.
Bc2 Red8 30.Rxd5 Rxd5 31.Qe3 a6 32.Qg3 Kg7 33.Qe3 Qd4 34.Qc1 Rc5 35.Qb1 Qd2
36.Qa1+ Qc3 37.Qxc3+ Rxc3 38.Re2 Kf6 39.Be4 Rc5 40.Rd2 Bd5 41.Bc2 Be6 42.Be4
Re5 43.Bf3 Bd5 44.Be2 Ke7 45.Kh2 b5 46.Kg1 Kd6 47.f4 Rf5 48.g3 h4 49.Kf2 g5
50.Bd3 hxg3+ 51.Kxg3 Rxf4 52.Be2 f6 53.Bg4 a5 54.Be2 a4 55.Bd1 axb3 56.axb3
Kc5 57.Rd3 Rd4 0-1

[Event "Cto. Autonómico por Equipos 2007"]
[Site "Aragón"]
[Date "2007.01.27"]
[Round "1.27"]
[White "Sarto Ramos Angel"]
[Black "Pellicer Cemeli Jose Luis"]
[Result "1/2-1/2"]
[WhiteElo "2092"]
[BlackElo "2043"]

1.d4 e6 2.Nf3 d5 3.e3 Nf6 4.Bd3 c5 5.c3 Nc6 6.Nbd2 Be7 7.O-O O-O 8.Ne5 Nd7 9.
f4 f5 10.g4 Nf6 11.g5 Nxe5 12.dxe5 Ne4 13.c4 Nxd2 14.Qxd2 d4 15.b3 dxe3 16.
Qxe3 b6 17.Bb2 Bb7 18.Rad1 Qc7 19.Be2 Rad8 20.Bf3 Rxd1 21.Rxd1 Rd8 22.Rxd8+
Bxd8 23.Bxb7 Qxb7 24.Bc3 Be7 25.a4 a6 26.Qd3 Kf7 27.h4 g6 28.Be1 Ke8 29.Qe2
Bf8 30.h5 Kf7 31.h6 Ke8 32.Qd3 Be7 33.a5 bxa5 34.Bxa5 Qd7 35.Qf3 Qd4+ 36.Kg2
Qb2+ 37.Kg3 Qb1 38.Bd2 Qg1+ 39.Kh3 Qb1 40.Ba5 Kf7 41.Bc7 Qc2 42.Kg3 Qd2
1/2-1/2

[Event "Cto. Autonómico por Equipos 2007"]
[Site "Aragón"]
[Date "2007.01.27"]
[Round "1.28"]
[White "Felez Casedas Carlos"]
[Black "Sanmartin Agustin Borja"]
[Result "0-1"]
[WhiteElo "2010"]
[BlackElo "2082"]

1.Nf3 Nf6 2.g3 g6 3.Bg2 Bg7 4.d4 d6 5.O-O O-O 6.c4 c5 7.Nc3 a6 8.dxc5 dxc5 9.
Qxd8 Rxd8 10.Be3 Nbd7 11.Rfd1 Re8 12.h3 Rb8 13.a4 b6 14.Rd2 Nh5 15.Rad1 Ne5
16.Rd8 Be6 17.Rxe8+ Rxe8 18.Nxe5 Bxe5 19.Nd5 Bxd5 20.Bxd5 Nf6 21.Bc6 Rc8 22.
Bb7 Rb8 23.Bxa6 Bxb2 24.Rb1 Ba3 25.Bf4 Rd8 26.Rxb6 Rd1+ 27.Kg2 Ne4 28.Rb3 Bb4
29.Bb5 Nc3 30.Kf3 f6 31.Rb2 e5 32.Be3 Kf7 33.a5 Ke6 34.a6 Rg1 35.Bc6 f5 36.
Bd5+ Kf6 37.h4 e4+ 38.Kf4 Ba5 39.Rb7 Nxe2# 0-1

[Event "Cto. Autonómico por Equipos 2007"]
[Site "Aragón"]
[Date "2007.01.27"]
[Round "1.29"]
[White "Cantin Zaborras Valentin"]
[Black "Ramiro Ovejero Juan Luis"]
[Result "1/2-1/2"]
[WhiteElo "2125"]
[BlackElo "2299"]

1.e4 d5 2.exd5 Qxd5 3.Nc3 Qa5 4.Bc4 Nf6 5.d3 c6 6.Qe2 g6 7.Nf3 Bg7 8.Bd2 Qc7
9.Ne5 O-O 10.h4 Nbd7 11.Nxd7 Bxd7 12.O-O-O b5 13.Bb3 c5 14.h5 a5 15.Nd5 Nxd5
16.Bxd5 Rae8 17.hxg6 hxg6 18.Qe4 e6 19.Qh4 f5 20.Bc3 Kf7 21.Qh7 Rg8 22.Rh6 $2
Qf4+ 23.Bd2 Qe5 24.Bc3 Qf4+ 25.Bd2 Qe5 26.Bc3 1/2-1/2

[Event "Cto. Autonómico por Equipos 2007"]
[Site "Aragón"]
[Date "2007.01.27"]
[Round "1.30"]
[White "Guzman Moneo Alberto"]
[Black "Valiente Roy Jose Javier"]
[Result "0-1"]
[WhiteElo "2237"]
[BlackElo "2079"]

1.e4 c6 2.d4 d5 3.exd5 cxd5 4.c4 Nf6 5.Nc3 Nc6 6.Bg5 dxc4 7.d5 Na5 8.Bxc4 Nxc4
9.Qa4+ Qd7 10.Qxc4 Qg4 11.Qxg4 Nxg4 12.Nf3 e6 13.dxe6 Bxe6 14.h3 Nf6 15.Bxf6
gxf6 16.O-O O-O-O 17.Rfd1 Be7 18.Rxd8+ Rxd8 19.a3 f5 20.Rd1 Bf6 21.Rxd8+ Kxd8
22.Kf1 Kd7 23.Ke2 Bc4+ 24.Ke1 h5 25.g3 {Tiempo} 0-1

[Event "Cto. Autonómico por Equipos 2007"]
[Site "Aragón"]
[Date "2007.01.27"]
[Round "1.31"]
[White "Gutierrez Barrachina Jose A"]
[Black "Cerrajeria Ruiz Jesus Maria"]
[Result "0-1"]
[WhiteElo "1983"]
[BlackElo "2207"]

1.d4 Nf6 2.Bg5 g6 3.Bxf6 exf6 4.g3 c5 5.Bg2 Qb6 6.e3 Qxb2 7.Nd2 cxd4 8.Rb1
Qxa2 9.exd4 Nc6 10.Ne2 Nb4 11.Rc1 d5 12.O-O Be6 13.c4 Bh6 14.f4 O-O 15.Nc3 Qb2
16.Nb3 dxc4 17.Nc5 Nd3 18.Nxd3 cxd3 19.Qxd3 Rac8 20.Ne2 Rxc1 21.Rxc1 Bg4 22.
Qc2 Qb6 23.Rb1 Qe6 24.Rb2 Qe3+ 25.Kf1 Rc8 26.Qd2 Bxe2+ 0-1

[Event "Cto. Autonómico por Equipos 2007"]
[Site "Aragón"]
[Date "2007.01.27"]
[Round "1.32"]
[White "Lana Rodriguez David"]
[Black "Lopez Capape Armando"]
[Result "1-0"]
[WhiteElo "1900"]
[BlackElo "2123"]

1.e4 c5 2.Nf3 Nc6 3.Bb5 g6 4.c3 d5 5.exd5 Qxd5 6.Qa4 Qe6+ 7.Kd1 Bd7 8.Re1 Qd6
9.d3 a6 10.Bf4 Qd5 11.Qc4 Qxc4 12.Bxc4 e6 13.Nbd2 Nf6 14.Ne5 Bg7 15.Nxd7 Nxd7
16.Ne4 O-O 17.a4 b6 18.Kc2 Nde5 19.Rad1 Nxc4 20.dxc4 e5 21.Be3 Rfd8 22.Rd5 Ne7
23.Rxd8+ Rxd8 24.Bg5 Rd7 25.a5 f5 26.Nf6+ Bxf6 27.Bxf6 bxa5 28.Rxe5 Kf7 29.Bg5
Rc7 30.Be3 Kf6 31.Rxc5 Rxc5 32.Bxc5 Nc6 33.b4 axb4 34.cxb4 Ke6 35.Kc3 Kd7 36.
b5 axb5 37.cxb5 Na5 38.Kb4 Nb7 39.Bf8 h5 40.Kc4 Ke6 41.b6 g5 42.Kb5 Kd7 43.Bb4
h4 44.h3 g4 45.Ba3 1-0

[Event "Cto. Autonómico por Equipos 2007"]
[Site "Aragón"]
[Date "2007.01.27"]
[Round "1.33"]
[White "Saldano Horacio"]
[Black "Malo Guillen Jose Luis"]
[Result "1-0"]
[WhiteElo "2422"]
[BlackElo "2198"]

1.c4 e5 2.Nc3 Nf6 3.Nf3 e4 4.Ng5 b5 5.d3 bxc4 6.dxe4 Nc6 7.e3 Bb4 8.Bxc4 O-O
9.Bd2 h6 10.Nf3 Bxc3 11.Bxc3 Nxe4 12.Rc1 Nxc3 13.Rxc3 Na5 14.Bd3 Qf6 15.O-O
Rb8 16.Qd2 Bb7 17.Be2 Rfd8 18.Rxc7 Bxf3 19.Bxf3 Nc6 20.b3 Ne5 21.Be2 Rb6 22.
Rxa7 Rd6 23.Qc2 Rc6 24.Qe4 d5 25.Qd4 Qe6 26.f4 Ng4 27.e4 Rc2 28.Bf3 Re8 29.h3
Nf6 30.exd5 Qd6 31.Kh1 h5 32.b4 Rec8 33.b5 R2c5 34.a4 Rc4 35.Qe5 Qc5 36.Rb7
Rxa4 37.Bxh5 Nxh5 38.Qxh5 Rxf4 39.Rxf7 Rxf1+ 40.Rxf1 Qxb5 41.Qf7+ Kh7 42.d6
Rd8 43.Rf5 Qb1+ 44.Rf1 Qd3 45.Qh5+ Kg8 46.Rd1 Qe4 47.d7 Qe6 48.Qb5 Kf7 49.Kh2
Kg8 50.Qd5 Qxd5 51.Rxd5 Kf7 52.Kg3 Ke6 53.Rd1 Rxd7 54.Rxd7 Kxd7 55.Kg4 Ke6 56.
Kg5 Kf7 57.g3 Kg8 58.Kg6 Kh8 59.g4 Kg8 60.g5 Kh8 61.Kf7 Kh7 62.h4 Kh8 63.h5
Kh7 64.h6 1-0

[Event "Cto. Autonómico por Equipos 2007"]
[Site "Aragón"]
[Date "2007.01.27"]
[Round "1.34"]
[White "Querol Soro Sergio"]
[Black "Martinez Asensio Juan M"]
[Result "1/2-1/2"]
[WhiteElo "1979"]
[BlackElo "2160"]

1.b4 a5 2.b5 Nf6 3.Bb2 g6 4.Nf3 Bg7 5.e3 O-O 6.Be2 d6 7.O-O e5 8.c4 Nbd7 9.Nc3
Re8 10.Qc2 Nf8 11.Ng5 N6d7 12.Nf3 Ne6 13.Rad1 f5 14.d3 Nf6 15.Ba1 Rf8 16.Nd2
g5 17.Na4 Nd7 18.Bf3 g4 19.Bd5 Rf6 20.c5 Rh6 21.Rfe1 Kh8 22.cxd6 cxd6 23.Bxe6
Rxe6 24.f4 Nb6 25.fxe5 dxe5 26.Nxb6 Qxb6 27.a4 Bd7 28.Nc4 Qc5 29.Rc1 f4 30.Qf2
Rc8 31.Re2 Ree8 32.Rec2 fxe3 33.Nxe3 Qa3 34.Rxc8 Bxc8 35.Qc2 Be6 36.Nc4 Qc5+
37.Qf2 Rc8 38.Qxc5 Rxc5 39.Kf2 e4 40.Bxg7+ Kxg7 41.Ke3 exd3 42.Kxd3 h5 43.Kd4
b6 44.Rc3 Rd5+ 45.Ke4 Rc5 46.Kd4 1/2-1/2